书目信息 |
| 题名: |
发电机励磁设备及运行维护
|
|
| 作者: | 吴龙 著 | |
| 分册: | ||
| 出版信息: | 北京 中国电力出版社 2019 |
|
| 页数: | 351页 | |
| 开本: | 27cm | |
| 丛书名: | ||
| 单 册: | ||
| 中图分类: | TM310.12 , TM31 | |
| 科图分类: | ||
| 主题词: | 发电机--励磁系统 | |
| 电子资源: | ||
| ISBN: | 978-7-5198-3242-1 | |
| 000 | 01023cam0 2200241 450 | |
| 001 | 2251563544 | |
| 005 | 20220928141949.07 | |
| 010 | @a978-7-5198-3242-1@dCNY118.00 | |
| 100 | @a20200408d2019 em y0chiy50 ea | |
| 101 | 0 | @achi |
| 102 | @aCN@b110000 | |
| 105 | @aa z 000yy | |
| 200 | 1 | @a发电机励磁设备及运行维护@9fa dian ji li ci she bei ji yun xing wei hu@dGenerator excitation equipment and its operation and maintenance@f吴龙著@zeng |
| 210 | @a北京@c中国电力出版社@d2019 | |
| 215 | @a351页@c图@d27cm | |
| 330 | @a本书共分十章,主要内容包括发电机励磁概述、发电机励磁系统分类及配置、发电机灭磁装置、发电机励磁功率单元、发电机励磁调节器、发电机励磁辅助设备、发电机励磁设备参数设计、发电机励磁系统试验、发电机励磁设备运行及维护、发电机励磁系统典型故障案例。 | |
| 510 | 1 | @aGenerator excitation equipment and its operation and maintenance@zeng |
| 606 | 0 | @a发电机@x励磁系统 |
| 690 | @aTM310.12@v5 | |
| 690 | @aTM31@v4 | |
| 701 | 0 | @a吴龙@9wu long@4著 |
| 801 | 0 | @aCN@b91MARC@c20200408 |
| 905 | @aZUCC@dTM31@e47 | |
| 发电机励磁设备及运行维护=Generator excitation equipment and its operation and maintenance/吴龙著.-北京:中国电力出版社,2019 |
| 351页:图;27cm |
| ISBN 978-7-5198-3242-1:CNY118.00 |
| 本书共分十章,主要内容包括发电机励磁概述、发电机励磁系统分类及配置、发电机灭磁装置、发电机励磁功率单元、发电机励磁调节器、发电机励磁辅助设备、发电机励磁设备参数设计、发电机励磁系统试验、发电机励磁设备运行及维护、发电机励磁系统典型故障案例。 |
| ● |
| 相关链接 |
|
|
|
正题名:发电机励磁设备及运行维护
索取号:TM31/47
 
预约/预借
| 序号 | 登录号 | 条形码 | 馆藏地/架位号 | 状态 | 备注 |
| 1 | 2000904520 | 2000904520 | 第三书库/ [索取号:TM31/47] | 在馆 | |
| 2 | 2000904521 | 2000904521 | 第三书库/ [索取号:TM31/47] | 在馆 | |
| 3 | 2000904522 | 2000904522 | 第三书库/ [索取号:TM31/47] | 在馆 |